| 000 | 00663nam a2200193Ia 4500 | ||
|---|---|---|---|
| 003 | LDD | ||
| 008 | 190117s9999 xx 000 0 und d | ||
| 020 |
_a9788173095382 _c₹250 |
||
| 040 | _cLDD | ||
| 041 | _ahi | ||
| 082 | _a8H4.7 आ2201इ | ||
| 100 | _aआचार्य, नन्द किशोर | ||
| 245 | 0 |
_aइतिहास के सवाल _cनन्द किशोर आचार्य |
|
| 260 |
_aनई दिल्ली _bसस्ता साहित्य _c2011 |
||
| 300 | _a158पृ. | ||
| 901 | _aKGP | ||
| 904 | _aReqst by : J.K. Shrivastava | ||
| 942 |
_2ddc _cH |
||
| 999 |
_c154804 _d154804 |
||